Torture in police custody in Bangladesh : an exploration of human rights violation /

Dades bibliogràfiques
Autor principal: Alam, Mohammad Ashraful
Autor corporatiu: CRIMSOC
Altres autors: Akter, Mahmuda
Format: Llibre
Idioma:English
Publicat: Los Angeles, United States : CRIMSOC, 2016.
Matèries:
Classic Catalogue: View this record in Classic Catalogue
LEADER 01430nam a22003377a 4500
001 45105
003 BD-DhAAL
005 20251120220429.0
008 251116t2016 us ||||| b||| 00| 0 eng d
020 |a 9781537155685 
020 |a 1537155687 
040 |a BD-DhAAL  |c BD-DhAAL 
082 |a 363.254  |2 23 
100 |a Alam, Mohammad Ashraful.  |9 59804 
245 |a Torture in police custody in Bangladesh :   |b an exploration of human rights violation /   |c Mohammad Ashraful Alam, Mahmuda Akter. 
260 |a Los Angeles, United States :  |b CRIMSOC,  |c 2016. 
300 |a 51 pages ;  |c 23 cm 
500 |a Torture in Police Custody in Bangladesh: An Exploration of Human Rights Violation (CRIMSOC), 2016, Report: 6 Torture victims--Legal status, laws, etc.179.75 
504 |a Includes bibliographical references 
526 |a SOL 
541 |a Karim International  |e 45105 
650 |a Torture  |z Bangladesh.  |9 59838 
650 |a Detention of persons  |z Bangladesh.  |9 59839 
650 |a Prisoners  |x Legal status, laws, etc  |z Bangladesh.  |9 59840 
650 |a Police brutality  |x Atrocities  |z Bangladesh.  |9 59841 
655 |a Case studies 
700 |a Akter, Mahmuda.  |9 59836 
710 |a CRIMSOC.  |9 59866 
942 |2 ddc  |c BK 
999 |c 47641  |d 47641 
952 |0 0  |1 0  |2 ddc  |4 0  |6 363_254000000000000_ALA  |7 0  |9 78526  |a BRACUL  |b BRACUL  |c NEW  |d 2025-11-05  |e Karim International  |g 1650.00  |l 0  |o 363.254 ALA  |p 3010045105  |r 2025-11-05  |t 1  |v 3300.00  |w 2025-11-05  |y BK